เรียนง้ายง่ายแต่ได้ A (ระเบียนเลขที่ 64880)
| 000 -LEADER | |
|---|---|
| fixed length control field | 00872nam a22002057a 4500 |
| 005 - DATE AND TIME OF LATEST TRANSACTION | |
| control field | 20210325205944.0 |
| 008 - FIXED-LENGTH DATA ELEMENTS--GENERAL INFORMATION | |
| fixed length control field | s2552 th ||||| |||| 00| 0 tha d |
| 020 ## - INTERNATIONAL STANDARD BOOK NUMBER | |
| International Standard Book Number | 9786110400473 |
| 050 ## - LIBRARY OF CONGRESS CALL NUMBER | |
| Classification number | LB1060 ป519ร 2552 |
| 100 0# - MAIN ENTRY--PERSONAL NAME | |
| Personal name | อภิศรี นิรุตติปัญญากุล, ผู้แปล |
| 245 10 - TITLE STATEMENT | |
| Title | เรียนง้ายง่ายแต่ได้ A |
| 260 3# - PUBLICATION, DISTRIBUTION, ETC. | |
| Place of publication, distribution, etc. | กรุงเทพฯ : |
| Name of publisher, distributor, etc. | นานมีบุ๊คส์พับลิเคชั่นส์, |
| Date of publication, distribution, etc. | 2552 |
| 300 ## - PHYSICAL DESCRIPTION | |
| Extent | 155 หน้า : |
| Other physical details | ภาพประกอบ, ตาราง ; |
| Dimensions | 19 ซม. |
| 650 04 - SUBJECT ADDED ENTRY--TOPICAL TERM | |
| Topical term or geographic name entry element | การเรียน |
| 850 ## - HOLDING INSTITUTION | |
| Holding institution | NALT |
| 942 ## - ADDED ENTRY ELEMENTS (KOHA) | |
| Koha item type | General Book |
| 997 ## - | |
| -- | บ 24455 |
| 997 ## - | |
| -- | 000000000064880 |
| 998 ## - LOCAL CONTROL INFORMATION (RLIN) | |
| -- | นางสุกัญญา กัลยา |
| Withdrawn status | Lost status | Damaged status | Not for loan | Collection code | Home library | Current library | Source of acquisition | Total Checkouts | Full call number | Barcode | Date last seen | Price effective from | Koha item type |
|---|---|---|---|---|---|---|---|---|---|---|---|---|---|
| General Book collection | National Assembly Library of Thailand | National Assembly Library of Thailand | บริจาค | LB 1060 ป519ร 2552 | 3961187357 | 09/06/2017 | 09/06/2017 | General Book |
